Southville International School and Colleges
Your cart is empty.
  • Cart
  • Lists
    Public lists Eva Luna New books Lux_list list_1
    Your lists Log in to create your own lists
  • Log in to your account
  • Your cookies
  • Search history
Southville International School and Colleges
  • Advanced search
  • Recent comments
  • Most popular
  • Libraries

Log in to your account

Log in with GOOGLE


If you do not have an external account, but do have a local account, you can still log in:

  1. Home
  2. MARC view: Black like me
Normal view MARC view ISBD view

Black like me (Record no. 35445)

[ view plain ]
MARC details
000 -LEADER
fixed length control field 00898cam a2200301 i 4500
001 - CONTROL NUMBER
control field 3653497
003 - CONTROL NUMBER IDENTIFIER
control field OSt
005 - DATE AND TIME OF LATEST TRANSACTION
control field 20140311130134.0
008 - FIXED-LENGTH DATA ELEMENTS--GENERAL INFORMATION
fixed length control field 761005s1977 mau 000 0aeng
010 ## - LIBRARY OF CONGRESS CONTROL NUMBER
LC control number 76047690
020 ## - INTERNATIONAL STANDARD BOOK NUMBER
International Standard Book Number 0395251028
040 ## - CATALOGING SOURCE
Original cataloging agency DLC
Transcribing agency DLC
Modifying agency DLC
043 ## - GEOGRAPHIC AREA CODE
Geographic area code n-us-tx
-- n-usu--
050 00 - LIBRARY OF CONGRESS CALL NUMBER
Classification number E 185.61
Item number .G851 1977
082 00 - DEWEY DECIMAL CLASSIFICATION NUMBER
Classification number M 975.004960
Item number G87 1961
100 1# - MAIN ENTRY--PERSONAL NAME
Personal name Griffin, John Howard,
Dates associated with a name 1920-1980.
245 10 - TITLE STATEMENT
Title Black like me
Statement of responsibility, etc Griffin, John Howard
250 ## - EDITION STATEMENT
Remainder of edition statement with a new epilogue by the author.
260 ## - PUBLICATION, DISTRIBUTION, ETC. (IMPRINT)
Place of publication, distribution, etc Boston :
Name of publisher, distributor, etc Houghton Mifflin,
Date of publication, distribution, etc 1961.
300 ## - PHYSICAL DESCRIPTION
Extent 208 p. ;
Dimensions 22 cm.
600 10 - SUBJECT ADDED ENTRY--PERSONAL NAME
Personal name Griffin, John Howard,
Dates associated with a name 1920-1980.
650 #0 - SUBJECT ADDED ENTRY--TOPICAL TERM
Topical term or geographic name as entry element African Americans
Geographic subdivision Southern States.
651 #0 - SUBJECT ADDED ENTRY--GEOGRAPHIC NAME
Geographic name Southern States
General subdivision Race relations.
651 #0 - SUBJECT ADDED ENTRY--GEOGRAPHIC NAME
Geographic name Texas
Form subdivision Biography.
906 ## - LOCAL DATA ELEMENT F, LDF (RLIN)
a 7
b cbc
c orignew
d 1
e ocip
f 19
g y-gencatlg
942 ## - ADDED ENTRY ELEMENTS (KOHA)
Source of classification or shelving scheme Library of Congress Classification
Koha item type Books
Call number prefix

No items available.

Black like me

APA

Griffin J. H., . (1961). Black like me. Boston: Houghton Mifflin.

Chicago

Griffin John Howard, . 1961. Black like me. Boston: Houghton Mifflin.

Harvard

Griffin J. H., . (1961). Black like me. Boston: Houghton Mifflin.

MLA

Griffin John Howard, . Black like me. Boston: Houghton Mifflin. 1961.

  • Print
  • Cite
  • Add to your cart (remove)
  • Save record
    BIBTEX Dublin Core MARCXML MARC (non-Unicode/MARC-8) MARC (Unicode/UTF-8) MARC (Unicode/UTF-8, Standard) MODS (XML) RIS
  • More searches
    Search for this title in:
    Other Libraries (WorldCat) Other Databases (Google Scholar) Online Stores (Bookfinder.com) Open Library (openlibrary.org)

Exporting to Dublin Core...

SOUTHVILLE LIBRARY

Southville International School and Colleges Library

1281 Tropical Ave. Cor. Luxembourg St., BF Homes International, Las Pinas City

Tel. No. 8256374 / 252358 Loc. 117/146

Powered by Koha